000 00634nam a22002177a 4500
003 OSt
005 20140310182340.0
008 130926t xxu||||| |||| 00| 0 eng d
020 _a0865924449
050 _aBF 723.C7
_bP47 1989
082 _aGS 153.35
_bP44 1989
100 _aPetrucelli, Rita
_921161
245 _aLearn the value of creativity /
_cRita Petrucelli,
260 _aVero Beach, Florida:
_bRourke Enterprises,
_cc1989.
300 _a32 p. :
_bill, ;
_c26 cm.
541 _j1
562 _e1
650 _aCreative ability in children.
_921730
650 _aCreative ability.
_921731
942 _2lcc
_cBK-GS
999 _c12127
_d12127